000
00290nam a2200133Ia 4500
100
_a
Botkar/K.R
250
_a
6
942
_c
BK
654
_a
integrated
245
_a
Integrated circuits design & Leeno
260
_b
Khanna publishers
_a
Bombay
_c
1994
300
_a
187
546
_a
ENGLISH
999
_c
22113
_d
22113